Produse tensoriale topologice si bornologice /
Guardado en:
| Autor Principal: | |
|---|---|
| Formato: | Libro |
| Idioma: | Romanian |
| Publicado: |
Bucuresti :
Editura Academiei Republicii Socialiste România,
1976.
|
| Materias: | |
| Etiquetas: |
Agregar Etiqueta
Sin Etiquetas, Sea el primero en etiquetar este registro!
|
| LEADER | 00843nam a2200265 a 4500 | ||
|---|---|---|---|
| 001 | MAT.inmabb005836 | ||
| 008 | 770210s1976####rm#######b###f000#0#rum## | ||
| 005 | 20130416145449.0 | ||
| 245 | 1 | 0 | |a Produse tensoriale topologice si bornologice / |c Nicolae Popa. |
| 260 | |a Bucuresti : |b Editura Academiei Republicii Socialiste România, |c 1976. | ||
| 300 | |a 258 p. ; |c 21 cm. | ||
| 500 | |a Summary in French. | ||
| 500 | |a Table of contents in Romanian and French. | ||
| 504 | |a Bibliografía: p. 251-254. | ||
| 510 | 4 | |a MR, |c 57 #17309 | |
| 020 | |c lei12.50 | ||
| 100 | 1 | |a Popa, Nicolae. | |
| 650 | 0 | |a Linear topological spaces. | |
| 650 | 0 | |a Bornological spaces. | |
| 650 | 0 | |a Tensor products. | |
| 084 | |a 46M05 (46Axx) |2 msc2000 | ||
| 010 | |a 77451101 | ||
| 040 | |a DLC |c DLC |d DLC | ||
| 041 | 0 | |a rum |b fre | |
| 859 | |h 46 |i P825 |p A-4394 |b BIB. MATEMATICA | ||
